000
00315nam a2200133Ia 4500
008
191201s2010 xx 000 0 und d
100
_a
GUPTA,S L
245
0
_a
Engineering Physics Vol II
250
_a
1st
260
_a
N. Delhi
_b
Dhanpat Rai Pub (P) Ltd
_c
2010
300
_a
328
650
_a
Applied
942
_2
ddc
_c
BK
999
_c
87
_d
87